[Event "Indonesia Open 2013"]
[Site "Jakarta INA"]
[Date "2013.10.10"]
[Round "1.1"]
[White "Lioe, Dede"]
[Black "Moiseenko, Alexander"]
[Result "0-1"]
[WhiteTitle "IM"]
[BlackTitle "GM"]
[WhiteElo "2375"]
[BlackElo "2703"]
[WhiteFideId "7100566"]
[BlackFideId "14102560"]
[EventDate "2013.10.10"]

1. e4 c5 2. Nf3 Nc6 3. Nc3 e5 4. Bc4 Be7 5. d3 Nf6 6. Nd2 d6 7. Nf1 Bg4 8. f3
Be6 9. Ne3 O-O 10. O-O a6 11. a4 Nb4 12. Bd2 b6 13. f4 exf4 14. Rxf4 Bxc4 15.
dxc4 g6 16. Ne2 Nd7 17. Bxb4 cxb4 18. Nd5 Bg5 19. Rf2 Nf6 20. Qd4 Nxd5 21. cxd5
Bh6 22. Rd1 Re8 23. Rd3 a5 24. Rdf3 Ra7 25. Ng3 Bg7 26. Qd3 Bxb2 27. Ne2 Rae7
28. Rf4 Qd7 29. Nd4 Bc1 30. Nc6 Bxf4 31. Rxf4 Re5 32. Nxe5 Rxe5 33. Qd4 Qc7 34.
h4 Qxc2 35. Qxb6 Qc5+ 36. Qxc5 dxc5 37. Rf6 Rxe4 38. Rc6 b3 39. d6 b2 0-1

[Event "Indonesia Open 2013"]
[Site "Jakarta INA"]
[Date "2013.10.10"]
[Round "1.2"]
[White "Short, Nigel D"]
[Black "Ardiansyah, H"]
[Result "1-0"]
[WhiteTitle "GM"]
[BlackTitle "GM"]
[WhiteElo "2684"]
[BlackElo "2368"]
[WhiteFideId "400025"]
[BlackFideId "7100027"]
[EventDate "2013.10.10"]

1. e4 c5 2. Nf3 d6 3. d4 cxd4 4. Nxd4 Nf6 5. Nc3 a6 6. a4 e6 7. g3 Be7 8. Bg2
O-O 9. O-O Qc7 10. g4 Nc6 11. g5 Nd7 12. f4 Nxd4 13. Qxd4 d5 14. Be3 Bc5 15. Qd2
Nb6 16. Bxc5 Qxc5+ 17. Qf2 Qxf2+ 18. Rxf2 d4 19. Ne2 Rd8 20. b3 e5 21. fxe5 Bg4
22. Nf4 Nd7 23. h3 Be6 24. Rd1 Nxe5 25. Rfd2 Nc6 26. e5 Nxe5 27. Bxb7 Rab8 28.
Rxd4 Rxd4 29. Rxd4 Bf5 30. Be4 Bxe4 31. Rxe4 Nf3+ 32. Kg2 Nxg5 33. Rc4 f5 34. h4
Ne4 35. Rc7 Nf6 36. Kf3 Re8 37. b4 Re4 38. c4 Ng4 39. b5 axb5 40. cxb5 Rb4 41.
Nd5 Ne5+ 42. Ke2 Re4+ 43. Kf1 Rc4 44. b6 1-0

[Event "Indonesia Open 2013"]
[Site "Jakarta INA"]
[Date "2013.10.10"]
[Round "1.4"]
[White "Iturrizaga, Eduardo"]
[Black "Dimakiling, Oliver"]
[Result "1-0"]
[WhiteTitle "GM"]
[BlackTitle "IM"]
[WhiteElo "2658"]
[BlackElo "2353"]
[WhiteFideId "3901211"]
[BlackFideId "5202248"]
[EventDate "2013.10.10"]

1. Nf3 Nf6 2. c4 e6 3. g3 b6 4. Bg2 Bb7 5. O-O Be7 6. Nc3 O-O 7. d4 c5 8. d5
exd5 9. cxd5 d6 10. Nd2 Nbd7 11. a4 a6 12. Nc4 Qb8 13. Qb3 Qc7 14. f4 Rfe8 15.
e4 Bf8 16. Bd2 Rab8 17. Rae1 Ba8 18. h3 h5 19. Kh2 b5 20. axb5 axb5 21. Nxb5 Qb7
22. Nca3 Qa6 23. Qc4 Nb6 24. Qc2 Rec8 25. Ra1 Nbxd5 26. exd5 Rxb5 27. Nxb5 Qxb5
28. Ra5 Qe2 29. Re1 Qf2 30. Qd3 h4 31. gxh4 Qxh4 32. Kg1 Qh5 33. f5 Nd7 34. Bc3
Qg5 35. Ra4 Nf6 36. h4 Qh6 37. Bd2 Qh5 38. Rea1 Bb7 39. Bg5 Be7 40. Bf3 Qh7 41.
Ra7 Rb8 42. R1a5 c4 43. Qc2 Bxd5 44. Bxd5 Nxd5 45. Bxe7 Nxe7 46. Ra8 Nc6 47.
Rxb8+ Nxb8 48. Ra8 Qh5 49. Rxb8+ Kh7 50. f6+ g6 51. Qxc4 Qd1+ 52. Qf1 Qg4+ 53.
Kh2 d5 54. Rb3 1-0

[Event "Indonesia Open 2013"]
[Site "Jakarta INA"]
[Date "2013.10.10"]
[Round "1.5"]
[White "Yoseph, Theolifus Taher"]
[Black "Ganguly, Surya Shekhar"]
[Result "0-1"]
[BlackTitle "GM"]
[WhiteElo "2345"]
[BlackElo "2639"]
[WhiteFideId "7105347"]
[BlackFideId "5002150"]
[EventDate "2013.10.10"]

1. c4 Nf6 2. Nc3 e5 3. g3 d5 4. cxd5 Nxd5 5. Bg2 Nb6 6. Nf3 Nc6 7. O-O Be7 8. d3
O-O 9. a3 Be6 10. b4 a5 11. b5 Nd4 12. Nd2 c6 13. bxc6 Nxc6 14. Bxc6 bxc6 15.
Qc2 a4 16. Bb2 Ra5 17. Rfc1 Qd7 18. Nd1 Rc5 19. Qb1 Rb5 20. Nc3 Ra5 21. Qc2 Rc8
22. Rab1 Qd8 23. Rd1 Qf8 24. Bc1 Ra6 25. Qb2 f6 26. Qa1 Qf7 27. Bb2 Nd7 28. Rbc1
Qh5 29. Re1 Qh3 30. Nd1 h5 31. d4 exd4 32. Bxd4 h4 33. Nf1 c5 34. f3 hxg3 35.
hxg3 Rac6 36. Nf2 Qh5 37. Bc3 c4 38. Kg2 Nc5 39. Rcd1 Nb3 40. Qa2 Bc5 41. e3 Kf7
42. g4 Qh6 43. Ng3 Bxe3 44. Qe2 Bf4 45. Rh1 Qg6 46. Nh5 Bb8 47. Ne4 Nc5 48.
Nexf6 gxf6 49. Nxf6 Nd3 50. Qe3 Bf4 51. Qa7+ R6c7 52. Qg1 Bh6 53. Qd4 Bg7 54.
Qe3 Bxf6 55. Rh6 Bg5 0-1

[Event "Indonesia Open 2013"]
[Site "Jakarta INA"]
[Date "2013.10.10"]
[Round "1.6"]
[White "Sokolov, Ivan"]
[Black "Tran, Tuan Minh"]
[Result "1-0"]
[WhiteTitle "GM"]
[BlackTitle "FM"]
[WhiteElo "2636"]
[BlackElo "2344"]
[WhiteFideId "14400030"]
[BlackFideId "12401820"]
[EventDate "2013.10.10"]

1. d4 Nf6 2. c4 e6 3. Nc3 Bb4 4. e3 c5 5. Bd3 Nc6 6. Ne2 cxd4 7. exd4 d5 8. cxd5
Nxd5 9. a3 Bd6 10. Ne4 Be7 11. O-O O-O 12. Bc2 e5 13. dxe5 Nxe5 14. Re1 Bg4 15.
h3 Bh5 16. Bb3 Nf6 17. Qxd8 Raxd8 18. Nf4 Nd3 19. Nxd3 Rxd3 20. Bc2 Rd7 21. Ng3
Bg6 22. Ba4 Rc7 23. Bf4 Rc4 24. Bb3 Rxf4 25. Rxe7 Rb8 26. Rc1 Ne8 27. Bd5 Nd6
28. Rd7 Rf6 29. Bxb7 h5 30. Bf3 h4 31. Nf1 Rxb2 32. Ne3 a6 33. Ng4 1-0

[Event "Indonesia Open 2013"]
[Site "Jakarta INA"]
[Date "2013.10.10"]
[Round "1.7"]
[White "Hamdani, Rudin"]
[Black "Ivanisevic, Ivan"]
[Result "0-1"]
[WhiteTitle "FM"]
[BlackTitle "GM"]
[WhiteElo "2339"]
[BlackElo "2632"]
[WhiteFideId "7100213"]
[BlackFideId "912417"]
[EventDate "2013.10.10"]

1. d4 Nf6 2. c4 g6 3. f3 Bg7 4. e4 d6 5. Be3 O-O 6. Nc3 c5 7. dxc5 dxc5 8. Qxd8
Rxd8 9. Bxc5 Nc6 10. Nge2 Nd7 11. Ba3 Nde5 12. Nf4 b6 13. Be2 e6 14. Nb5 Bh6 15.
g3 a6 16. Nc3 Nd4 17. Kf2 Nxe2 18. Ncxe2 Nxc4 19. Be7 Rd7 20. Bf6 Bf8 21. Rhc1
Bc5+ 22. Kg2 Ne3+ 23. Kh1 Bb7 24. h4 Re8 25. Nc3 e5 26. Nh3 h6 27. g4 Rd2 28.
Na4 Bd4 29. Rg1 Rc8 30. Nc3 Rxb2 31. Nd1 Re2 32. Nf4 exf4 0-1

[Event "Indonesia Open 2013"]
[Site "Jakarta INA"]
[Date "2013.10.10"]
[Round "1.8"]
[White "Nguyen, Ngoc Truong Son"]
[Black "Muhammad, Luthfi Ali"]
[Result "1/2-1/2"]
[WhiteTitle "GM"]
[BlackTitle "CM"]
[WhiteElo "2629"]
[BlackElo "2338"]
[WhiteFideId "12401110"]
[BlackFideId "7103743"]
[EventDate "2013.10.10"]

1. d4 Nf6 2. c4 g6 3. Nc3 d5 4. Qb3 dxc4 5. Qxc4 Bg7 6. e4 O-O 7. Be2 Nc6 8. Nf3
Bg4 9. d5 Na5 10. Qa4 Bxf3 11. Bxf3 c6 12. O-O b5 13. Qb4 a6 14. Rd1 Nd7 15. Be3
c5 16. Bxc5 Nxc5 17. Qxc5 Rc8 18. Qa7 Ra8 19. Qc5 Rc8 20. Qa7 Ra8 21. Qc5 Rc8 1/2-1/2

[Event "Indonesia Open 2013"]
[Site "Jakarta INA"]
[Date "2013.10.10"]
[Round "1.9"]
[White "Saduakassova, Dinara"]
[Black "Vazquez Igarza, Renier"]
[Result "0-1"]
[WhiteTitle "WGM"]
[BlackTitle "GM"]
[WhiteElo "2335"]
[BlackElo "2602"]
[WhiteFideId "13700090"]
[BlackFideId "3503054"]
[EventDate "2013.10.10"]

1. d4 e6 2. c4 b6 3. Nc3 Bb7 4. e4 Bb4 5. Bd3 f5 6. Qh5+ g6 7. Qe2 Nf6 8. Bg5
fxe4 9. Bxe4 Bxe4 10. Bxf6 Qxf6 11. Qxe4 Nc6 12. Nf3 Bxc3+ 13. bxc3 Qf5 14. Qe2
O-O 15. O-O Qh5 16. Rad1 Na5 17. Rfe1 Rf6 18. c5 Nc6 19. Ne5 Qxe2 20. Rxe2 Rd8
21. cxb6 axb6 22. Nxc6 dxc6 23. Rde1 Kf7 24. f4 Rd5 25. Re4 Ke7 26. g4 Kd7 27.
Kg2 c5 28. dxc5 Rxc5 29. R1e3 Rf8 30. Kg3 Rc6 31. a4 Ra8 32. h4 Ra5 33. h5 Rac5
34. hxg6 hxg6 35. Kh4 Ke7 36. Re5 Kf6 37. R5e4 Rc4 38. g5+ Kf5 39. Rxc4 Rxc4 40.
Kg3 Rxf4 41. Rxe6 Rg4+ 42. Kf3 Kxe6 43. Kxg4 Ke5 44. c4 c5 0-1

[Event "Indonesia Open 2013"]
[Site "Jakarta INA"]
[Date "2013.10.10"]
[Round "1.10"]
[White "Gupta, Abhijeet"]
[Black "Pradeep, Kumar R.A."]
[Result "1-0"]
[WhiteTitle "GM"]
[WhiteElo "2593"]
[BlackElo "2331"]
[WhiteFideId "5010608"]
[BlackFideId "5023181"]
[EventDate "2013.10.10"]

1. d4 Nf6 2. c4 e6 3. Nc3 Be7 4. e4 d6 5. Nf3 c5 6. d5 O-O 7. Bd3 e5 8. h3 Ne8
9. g4 Na6 10. Be3 Nac7 11. Qe2 Rb8 12. Rg1 a6 13. a4 Bd7 14. h4 Qc8 15. g5 Bg4
16. Qd1 f5 17. exf5 Bxf5 18. Be2 b5 19. Nd2 bxa4 20. Nxa4 Bd8 21. b3 Qb7 22. Bg4
Qc8 23. Nc3 g6 24. Nce4 Be7 25. h5 Bxg4 26. Rxg4 gxh5 27. Rg1 Qh3 28. Qc2 Ng7
29. O-O-O Qf5 30. g6 hxg6 31. Bg5 Bd8 32. Bxd8 Rbxd8 33. Rg5 Qf4 34. Rxg6 Ne8
35. Rdg1 Rd7 36. R1g5 Nf6 37. Nxd6 Nh7 38. Rxh5 e4 39. Nxe4 Kh8 40. Rxh7+ Kxh7
41. Nf6+ Kh8 42. Nxd7 Re8 43. Qc3 Re7 44. Qh3+ 1-0

[Event "Indonesia Open 2013"]
[Site "Jakarta INA"]
[Date "2013.10.10"]
[Round "1.11"]
[White "Zozulia, Anna"]
[Black "Ehlvest, Jaan"]
[Result "0-1"]
[WhiteTitle "IM"]
[BlackTitle "GM"]
[WhiteElo "2330"]
[BlackElo "2578"]
[WhiteFideId "14102110"]
[BlackFideId "4500016"]
[EventDate "2013.10.10"]

1. e4 c5 2. Nf3 e6 3. d4 cxd4 4. Nxd4 Nf6 5. Nc3 d6 6. Be2 a6 7. O-O Nbd7 8. f4
g6 9. Bf3 Bg7 10. Be3 O-O 11. Qe2 e5 12. fxe5 Nxe5 13. Rad1 Re8 14. h3 Bd7 15.
Qf2 Rc8 16. Bg5 h6 17. Bh4 g5 18. Bg3 Qb6 19. Nb3 Qxf2+ 20. Rxf2 Nc4 21. e5 dxe5
22. Bxb7 Nxb2 23. Bxc8 Rxc8 24. Rb1 Nc4 25. Rd1 Be6 26. Bh2 g4 27. Na4 gxh3 28.
Nac5 Bg4 29. Re1 Bh5 30. gxh3 Bg6 31. Nd3 Ne4 32. Rg2 Ng5 33. Kf2 Nxh3+ 34. Kg3
Ng5 35. Kf2 f6 0-1

[Event "Indonesia Open 2013"]
[Site "Jakarta INA"]
[Date "2013.10.10"]
[Round "1.12"]
[White "Grigoryan, Avetik"]
[Black "Tirto"]
[Result "1-0"]
[WhiteTitle "GM"]
[BlackTitle "IM"]
[WhiteElo "2577"]
[BlackElo "2328"]
[WhiteFideId "13302191"]
[BlackFideId "7101058"]
[EventDate "2013.10.10"]

1. d4 Nf6 2. c4 e6 3. g3 d5 4. Bg2 Bb4+ 5. Nd2 O-O 6. Nf3 c5 7. a3 Bxd2+ 8. Qxd2
Nc6 9. cxd5 exd5 10. dxc5 Ne4 11. Qc2 Qa5+ 12. Bd2 Qxc5 13. Qxc5 Nxc5 14. Be3
Nb3 15. Rd1 Rd8 16. Rd3 Nba5 17. Nd4 Nc4 18. Bc1 N4e5 19. Rd1 Nxd4 20. Rxd4 Be6
21. b3 Nc6 22. Rd3 d4 23. Bb2 Bf5 24. Rd2 Be6 25. b4 Bd5 26. O-O Bxg2 27. Kxg2
Rd5 28. e4 Re5 29. f3 a5 30. Bxd4 Rb5 31. Bc3 axb4 32. axb4 Ra3 33. Rc1 h6 34.
h4 Rb3 35. g4 h5 36. g5 Nxb4 37. Bxb4 R5xb4 38. Rd8+ Kh7 39. Rc7 Rb1 40. Rxf7
R4b2+ 41. Kg3 Rg1+ 42. Kf4 Rh2 43. Rdd7 1-0

[Event "Indonesia Open 2013"]
[Site "Jakarta INA"]
[Date "2013.10.10"]
[Round "1.13"]
[White "Novita, Anjas"]
[Black "Paragua, Mark"]
[Result "1-0"]
[WhiteTitle "FM"]
[BlackTitle "GM"]
[WhiteElo "2328"]
[BlackElo "2571"]
[WhiteFideId "7100949"]
[BlackFideId "5201241"]
[EventDate "2013.10.10"]

1. e4 c5 2. Nf3 d6 3. d4 cxd4 4. Nxd4 Nf6 5. Nc3 Nc6 6. Bc4 e6 7. Bb3 a6 8. Be3
Be7 9. Qe2 Qc7 10. O-O-O Na5 11. g4 b5 12. g5 Nxb3+ 13. axb3 Nd7 14. Kb1 b4 15.
Na2 Bb7 16. f3 O-O 17. h4 a5 18. g6 hxg6 19. h5 g5 20. Qg2 Qd8 21. Rhg1 Rc8 22.
Nb5 d5 23. Nd6 Bxd6 24. Bxg5 Qc7 25. Bh6 g6 26. hxg6 f5 27. Bxf8 Nxf8 28. g7 Nh7
29. exf5 Be5 30. fxe6 Bxg7 31. Rde1 Qe7 32. Nc1 Qf6 33. Nd3 Re8 34. Re5 Re7 35.
f4 Nf8 36. f5 Nh7 37. Qg4 Ba6 38. Re2 Kf8 39. Reg2 Bxd3 40. cxd3 Qe5 41. d4 Qe3
42. Qh4 Qd3+ 43. Ka1 1-0

[Event "Indonesia Open 2013"]
[Site "Jakarta INA"]
[Date "2013.10.10"]
[Round "1.14"]
[White "Barbosa, Oliver"]
[Black "Le, Tuan Minh"]
[Result "1/2-1/2"]
[WhiteTitle "GM"]
[BlackTitle "FM"]
[WhiteElo "2567"]
[BlackElo "2327"]
[WhiteFideId "5201640"]
[BlackFideId "12401153"]
[EventDate "2013.10.10"]

1. d4 d5 2. c4 c6 3. Nf3 Nf6 4. e3 Bf5 5. Nc3 e6 6. Nh4 Bg6 7. Nxg6 hxg6 8. a3
Nbd7 9. g3 Bd6 10. b3 O-O 11. Bg2 b6 12. O-O Rc8 13. Bb2 Re8 14. f4 c5 15. Qe2
cxd4 16. exd4 dxc4 17. bxc4 Nf8 18. Nb5 Qd7 19. Bb7 Rb8 20. Qf3 Red8 21. Bc6 Qe7
22. d5 Rbc8 23. Kh1 Bc5 24. Be5 exd5 25. cxd5 a6 26. d6 Qe6 27. Na7 Rb8 28. d7
N8xd7 29. Bxd7 Rxd7 30. Bxb8 Ng4 31. f5 gxf5 32. Rae1 Rd2 33. Qxg4 fxg4 34. Rxe6
fxe6 35. a4 Ra2 36. Nc6 Rxa4 37. h3 gxh3 38. Kh2 Re4 39. Kxh3 a5 40. Rd1 a4 41.
Rd8+ Kh7 42. Be5 a3 43. Rd7 Bf8 44. Ra7 b5 45. Kg2 b4 46. Kf3 Re1 47. Bxg7 Bxg7
48. Nxb4 Rb1 49. Nc2 Rb3+ 50. Kg4 Rc3 51. Nxa3 Kg6 52. Ra6 Kf6 53. Nb5 Rc4+ 54.
Kf3 Ke5 55. Ra5 Kf6 56. Nd6 Rc3+ 57. Kg4 Kg6 58. Rg5+ Kh7 59. Kh5 Bf6 1/2-1/2

[Event "Indonesia Open 2013"]
[Site "Jakarta INA"]
[Date "2013.10.10"]
[Round "1.15"]
[White "Senador, Emmanuel"]
[Black "Salem, A.R. Saleh"]
[Result "1/2-1/2"]
[WhiteTitle "IM"]
[BlackTitle "GM"]
[WhiteElo "2323"]
[BlackElo "2567"]
[WhiteFideId "5200601"]
[BlackFideId "9301348"]
[EventDate "2013.10.10"]

1. e4 e6 2. d4 d5 3. Nc3 Nf6 4. Bg5 Bb4 5. e5 h6 6. Bd2 Bxc3 7. bxc3 Ne4 8. Qg4
Kf8 9. Qf4 c5 10. Bd3 Nxd2 11. Qxd2 Qa5 12. Nf3 c4 13. Be2 Nd7 14. h4 Nb6 15.
Rh3 Bd7 16. h5 Ke7 17. Nh4 Raf8 18. Kf1 Rhg8 19. Kg1 Kd8 20. Rg3 Qa3 21. f4 Nc8
22. Bg4 Qe7 23. Rh3 g5 24. fxg5 Qxg5 25. Qxg5+ Rxg5 26. Be2 Ba4 27. Rf1 Bxc2 28.
Rf6 Ne7 29. Rxh6 Nf5 30. Nxf5 Bxf5 31. Rh2 b5 32. a3 a5 33. Kf2 Rfg8 34. Bf3 Ke7
35. Rf6 b4 36. cxb4 axb4 37. axb4 c3 38. Rh1 c2 39. Rc1 Rb8 40. g4 Bh7 41. Rh6
Rg7 42. Rxh7 Rxh7 43. Rxc2 Rxb4 44. g5 Rb7 45. Rc8 Kd7 46. Ra8 Rc7 47. Kg3 Rc8
48. Ra7+ Rc7 49. Ra8 Rc8 50. Ra7+ Rc7 1/2-1/2

[Event "Indonesia Open 2013"]
[Site "Jakarta INA"]
[Date "2013.10.10"]
[Round "1.16"]
[White "Mareco, Sandro"]
[Black "Manakova, Maria"]
[Result "1/2-1/2"]
[WhiteTitle "GM"]
[BlackTitle "WGM"]
[WhiteElo "2565"]
[BlackElo "2320"]
[WhiteFideId "112275"]
[BlackFideId "927007"]
[EventDate "2013.10.10"]

1. d4 Nf6 2. c4 g6 3. Nc3 d5 4. Nf3 Bg7 5. cxd5 Nxd5 6. e4 Nxc3 7. bxc3 c5 8.
Rb1 O-O 9. Be2 Bg4 10. O-O Bxf3 11. Bxf3 cxd4 12. cxd4 Qxd4 13. Rxb7 Nc6 14. Be3
Qe5 15. Qa4 Rfc8 16. Rd1 a5 17. g3 Qf6 18. Be2 Rab8 19. Rxb8 Rxb8 20. Bb5 Ne5
21. Qxa5 h5 22. Rd8+ Rxd8 23. Qxd8+ Kh7 24. Be2 h4 25. Kg2 h3+ 26. Kxh3 Qe6+ 27.
Kg2 Qxa2 28. Qd2 Qe6 29. Qc2 Qd7 30. Qb3 Qc6 31. f3 e6 32. Kf2 Qd6 33. Qb7 Kg8
34. Qc8+ Kh7 35. Qe8 Qc7 36. Qb5 Nc6 37. Qc5 Qb7 38. h4 Kg8 39. f4 e5 40. Qd5
exf4 41. gxf4 Qc7 42. h5 gxh5 43. Bxh5 Nd8 44. Kf3 Ne6 45. Bg4 Nf8 46. Bf5 Qc3
47. Bg4 Qf6 48. e5 Qh4 49. Qd1 Qe7 50. Qb1 Qh4 51. Bf2 Qd8 52. Qb3 Qa8+ 53. Kg3
Qe4 54. Qb8 Bh6 55. e6 fxe6 56. Qd6 Qc4 57. Be3 Qe4 58. Bd4 Qe1+ 59. Kg2 Qd2+
60. Kg3 Qe1+ 61. Bf2 Qc3+ 62. Kg2 Qg7 63. Kh3 Qc3+ 64. Bg3 Qe3 65. Kg2 Qe4+ 66.
Kh2 Qc2+ 67. Kh3 Qe4 68. Bh5 Qf5+ 69. Bg4 Qe4 70. Kh2 Qc2+ 71. Kg1 Qe4 72. Bh3
Qe3+ 73. Kh2 Qe2+ 74. Bg2 Qh5+ 75. Kg1 Qe2 76. Bf2 Qg4 77. Be3 Ng6 78. Qb8+ Bf8
79. Kf2 Qh4+ 80. Ke2 1/2-1/2

[Event "Indonesia Open 2013"]
[Site "Jakarta INA"]
[Date "2013.10.10"]
[Round "1.17"]
[White "Medina, Warda Aulia"]
[Black "Ghaem Maghami, Ehsan"]
[Result "1/2-1/2"]
[WhiteTitle "WIM"]
[BlackTitle "GM"]
[WhiteElo "2319"]
[BlackElo "2556"]
[WhiteFideId "7101570"]
[BlackFideId "12500739"]
[EventDate "2013.10.10"]

1. e4 g6 2. d4 Bg7 3. Nc3 d6 4. h3 a6 5. a4 Nf6 6. Nf3 O-O 7. Be2 Nc6 8. O-O e5
9. dxe5 dxe5 10. Bc4 Be6 11. Bxe6 fxe6 12. Bg5 Qd6 13. Qxd6 cxd6 14. Rfd1 Rfd8
15. a5 Rab8 16. Be3 h6 17. Bb6 Rd7 18. Ne1 Rc8 19. f3 h5 20. Nd3 Bh6 21. Na4 Nd4
22. c3 Nc2 23. Ra2 Ne3 24. Re1 Nc4 25. Bf2 Rdc7 26. b3 Nxa5 27. Nb6 Nxb3 28.
Nxc8 Rxc8 29. Rb1 Rxc3 30. Ra3 Rxd3 31. Raxb3 Rxb3 32. Rxb3 b5 33. Ra3 d5 34.
Rxa6 Kf7 35. Ra7+ Ke8 36. Rb7 dxe4 37. fxe4 1/2-1/2

[Event "Indonesia Open 2013"]
[Site "Jakarta INA"]
[Date "2013.10.10"]
[Round "1.19"]
[White "Nakhbayeva, Guliskhan"]
[Black "Batchuluun, Tsegmed"]
[Result "1-0"]
[WhiteTitle "WGM"]
[BlackTitle "GM"]
[WhiteElo "2307"]
[BlackElo "2529"]
[WhiteFideId "13704788"]
[BlackFideId "4900847"]
[EventDate "2013.10.10"]

1. d4 Nf6 2. c4 e6 3. Nc3 Bb4 4. e3 O-O 5. Bd3 c5 6. Nf3 d5 7. O-O dxc4 8. Bxc4
cxd4 9. exd4 b6 10. Qe2 Bb7 11. Rd1 Bxc3 12. bxc3 Qc7 13. Bd3 Nbd7 14. c4 Rfe8
15. Bb2 Rac8 16. Ne5 Nxe5 17. dxe5 Qc6 18. f3 Nh5 19. Qe3 g6 20. a4 Ba6 21. Rdc1
Red8 22. Ba3 Qd7 23. Bd6 Rc6 24. a5 bxa5 25. Rxa5 Rdc8 26. Rca1 Bxc4 27. Rxa7
Qd8 28. Be4 Bd5 29. Bxd5 exd5 30. g4 Rc3 31. Qd4 Qg5 32. Qxd5 1-0

[Event "Indonesia Open 2013"]
[Site "Jakarta INA"]
[Date "2013.10.10"]
[Round "1.20"]
[White "Megaranto, Susanto"]
[Black "Bancod, Ronald"]
[Result "1-0"]
[WhiteTitle "GM"]
[BlackTitle "IM"]
[WhiteElo "2528"]
[BlackElo "2306"]
[WhiteFideId "7101384"]
[BlackFideId "5200938"]
[EventDate "2013.10.10"]

1. d4 Nf6 2. Nf3 g6 3. Bf4 Bg7 4. e3 O-O 5. Be2 d6 6. h3 b6 7. O-O Bb7 8. a4 a6
9. Nbd2 c5 10. c3 Nc6 11. Bh2 Rc8 12. Nc4 cxd4 13. exd4 Nb8 14. Nfd2 Qc7 15. Bf3
Bd5 16. Ne3 Bxf3 17. Qxf3 Nbd7 18. Rfe1 Rfe8 19. Nc2 Bh6 20. Nf1 Qc4 21. Nfe3
Qb3 22. Reb1 Bxe3 23. Nxe3 b5 24. Ra3 Qe6 25. axb5 axb5 26. Re1 Nb6 27. Ra7 Nfd5
28. Bg3 Ra8 29. Rb7 Ra2 30. Re2 Qf6 31. Qxf6 exf6 32. Nxd5 Rxe2 33. Rxb6 Raxb2
34. Rxd6 Re1+ 35. Kh2 Rbb1 36. Nxf6+ 1-0

[Event "Indonesia Open 2013"]
[Site "Jakarta INA"]
[Date "2013.10.10"]
[Round "1.21"]
[White "Smirnov, Anton"]
[Black "Gopal, G.N."]
[Result "1/2-1/2"]
[WhiteTitle "FM"]
[BlackTitle "GM"]
[WhiteElo "2306"]
[BlackElo "2527"]
[WhiteFideId "3208923"]
[BlackFideId "5015693"]
[EventDate "2013.10.10"]

1. e4 c5 2. Nf3 d6 3. d4 cxd4 4. Nxd4 Nf6 5. Nc3 a6 6. Be2 e5 7. Nb3 Be7 8. O-O
O-O 9. Re1 Be6 10. Bf3 b5 11. a4 b4 12. Nd5 Bxd5 13. exd5 a5 14. Qe2 Nbd7 15.
Bg5 Re8 16. Nd2 Rc8 17. Bxf6 Nxf6 18. Nc4 g6 19. g3 Nd7 20. b3 f5 21. Bg2 Nc5
22. Kh1 Bf6 23. Rg1 h5 24. Rad1 Bg7 25. f3 Kf7 26. g4 hxg4 27. fxg4 f4 28. Be4
Rh8 29. Rg2 Bf6 30. Rf1 Bg5 31. Rf3 Kg7 32. Rg1 Qc7 33. Ra1 Rh4 34. h3 Rch8 35.
Kg2 Qd7 36. Rg1 Nxe4 37. Qxe4 Rxh3 38. Rxh3 Qxg4+ 39. Kf2 Qxh3 40. Nxd6 Qe3+ 41.
Qxe3 fxe3+ 42. Kf3 Rf8+ 43. Kg4 Bd8 44. Re1 Rf4+ 45. Kh3 Rd4 46. Rxe3 Rxd5 47.
Ne4 Bc7 48. Kg4 Kf7 49. Rh3 Bd8 50. Rh7+ Ke6 51. Ra7 Rd4 52. Kf3 Kf5 53. Rf7+
Ke6 54. Ra7 Kf5 55. Rf7+ Ke6 56. Ra7 1/2-1/2

[Event "Indonesia Open 2013"]
[Site "Jakarta INA"]
[Date "2013.10.10"]
[Round "1.22"]
[White "Vaibhav, Suri"]
[Black "Khairul, Anam"]
[Result "1-0"]
[WhiteTitle "GM"]
[BlackTitle "FM"]
[WhiteElo "2527"]
[BlackElo "2301"]
[WhiteFideId "5045185"]
[BlackFideId "7102429"]
[EventDate "2013.10.10"]

1. e4 g6 2. d4 Bg7 3. Nc3 c6 4. h3 d5 5. Nf3 dxe4 6. Nxe4 Nf6 7. Nxf6+ Bxf6 8.
Bc4 O-O 9. Bh6 Re8 10. O-O Nd7 11. c3 Nb6 12. Bb3 Nd5 13. Re1 Qd6 14. c4 Nc7 15.
Qd2 Ne6 16. Rad1 c5 17. d5 Nd4 18. Nxd4 Bxd4 19. Ba4 Rd8 20. Bf4 Qf6 21. Re2 Bd7
22. Bg5 Qa6 23. Bb3 f6 24. Be3 e5 25. Bxd4 exd4 26. Qf4 Re8 27. Rxe8+ Bxe8 28.
Re1 Bf7 29. Qc7 Qb6 30. Qxb6 axb6 31. Re7 Kf8 32. Rxb7 d3 33. f3 d2 34. Kf2 Rxa2
35. d6 Rxb2 36. Rb8+ Be8 37. Bd1 Kf7 38. Rb7+ Ke6 39. Re7+ Kxd6 40. Rxe8 b5 41.
cxb5 c4 42. Rc8 1-0

[Event "Indonesia Open 2013"]
[Site "Jakarta INA"]
[Date "2013.10.10"]
[Round "1.24"]
[White "Gomez, John Paul"]
[Black "Emperado, Emmanuel"]
[Result "1-0"]
[WhiteTitle "GM"]
[WhiteElo "2511"]
[BlackElo "2297"]
[WhiteFideId "5201381"]
[BlackFideId "5209960"]
[EventDate "2013.10.10"]

1. d4 Nf6 2. c4 e6 3. Nc3 Bb4 4. e3 O-O 5. Bd3 c5 6. Ne2 cxd4 7. exd4 b6 8. O-O
Bb7 9. d5 Na6 10. a3 Be7 11. Bc2 Qc7 12. b3 exd5 13. Bf4 Qc5 14. b4 Qxc4 15. Bb3
Qc8 16. Rc1 Qd8 17. Nxd5 Nxd5 18. Bxd5 Bc6 19. Qd3 b5 20. Rfd1 Nb8 21. Qe4 Qe8
22. Nc3 Bf6 23. Qf3 Bxc3 24. Rxc3 Bxd5 25. Qxd5 Qe2 26. Re3 Qc2 27. Bd6 Rc8 28.
Re7 Qg6 29. Qxa8 Qxd6 30. Ree1 1-0

[Event "Indonesia Open 2013"]
[Site "Jakarta INA"]
[Date "2013.10.10"]
[Round "1.25"]
[White "Situru, Muhammad Ivan"]
[Black "Khusnutdinov, Rustam"]
[Result "0-1"]
[WhiteTitle "IM"]
[BlackTitle "GM"]
[WhiteElo "2290"]
[BlackElo "2509"]
[WhiteFideId "7100426"]
[BlackFideId "13701703"]
[EventDate "2013.10.10"]

1. e4 e6 2. d4 d5 3. e5 c5 4. c3 Nc6 5. Nf3 Bd7 6. a3 f6 7. Bd3 Qc7 8. Bf4 O-O-O
9. Bg3 c4 10. Bc2 Qb6 11. Ra2 Nh6 12. Nbd2 Nf7 13. O-O fxe5 14. Nxe5 Nfxe5 15.
dxe5 Be7 16. h4 Rdf8 17. b3 cxb3 18. Bxb3 Na5 19. Ba4 Rd8 20. Qg4 g6 21. Rb1 Qa6
22. Rab2 Nc4 23. Bxd7+ Rxd7 24. Nxc4 dxc4 25. Rb5 Qc6 26. Bf4 Bc5 27. Rxc5 Qxc5
28. Qxe6 Qd5 29. Qg4 Re8 30. a4 Re6 31. Kh2 h5 32. Qh3 Ra6 33. Re1 Qe6 34. Qe3
Rd5 35. Qe4 Rc6 36. Re3 Rd3 37. Rxd3 cxd3 38. Qxd3 Rc4 39. Bg5 b6 40. Bf6 Rxa4
41. f3 Rc4 42. Kg3 a5 43. Qxg6 a4 44. Qxh5 a3 45. Qh7 Kb8 46. Qc2 Rc7 47. Qc1 a2
48. Qa1 Rc5 49. f4 Rb5 50. c4 Rb3+ 51. Kh2 Qxc4 52. Qxa2 Qxf4+ 53. Kg1 Qc1+ 54.
Kh2 Qf4+ 55. Kg1 Rc3 56. Qb1 Rc1+ 0-1